Bulletin SNS 2004, 6.-8. augusta, 1919-2004

Bibliographic Details
Main Author: Fekete, Samuel (Author)
Corporate Author: Slovenské národné slávnosti Báčsky Petrovec, Srbsko
Other Authors: Surový, Rastislav (Collaborator), Zima, Pavel (Collaborator), Majera, Svetoslav, 1954- (Collaborator), Babiak, Ján, 1946- (Collaborator), Valentík, Vladimír, 1959- (Collaborator)
Format: Conference Proceeding Book
Language:Slovak
PhysicalDescription:20 s. fotogr. 20 x 14 cm
Published: Báčsky Petrovec Organizačný výbor SNS 2004
Subjects:

MARC

LEADER 00000nam a2200000 a 4500
001 vtls001487266
003 SK-MaSNL
005 20260301204025.0
008 171201s2004 yu 0 000 slo
015 |a SNBZSE2007-00043 
020 |q (brož.) 
035 |a SNK000442558 
040 |a SNK  |b slo  |c SNK  |e AACR2 
041 0 |a slo 
043 |a e-yu--- 
044 |a yu  |c YU 
072 7 |a 394  |x Verejný a spoločenský život. Každodenný život  |2 konspekt 
080 |a 394.21(=162.4)  |x (497.1)  |x (055)  |2 2001 
111 2 |a Slovenské národné slávnosti  |n (43. :  |d 2004 :  |c Báčsky Petrovec, Srbsko)  |9 588288 
245 1 0 |a Bulletin SNS 2004, 6.-8. augusta, 1919-2004  |c bulletin pripravil: Samuel Fekete ; spolupracovníci: Rastislav Surový, Pavel Zima, Svetoslav Majera, Ján Babiak a Vladimír Valentík 
260 |a Báčsky Petrovec  |b Organizačný výbor SNS  |c 2004 
300 |a 20 s.  |b fotogr.  |c 20 x 14 cm 
611 2 7 |a Slovenské národné slávnosti  |d (2004 :  |c Báčsky Petrovec, Srbsko)  |2 SNKPH  |9 178320 
655 7 |a programy podujatí  |2 SNKPH  |9 70446 
655 7 |a bulletiny  |2 SNKPH  |9 70453 
700 1 |a Fekete, Samuel  |4 aut  |9 383097 
700 1 |a Surový, Rastislav  |4 clb  |9 467841 
700 1 |a Zima, Pavel  |4 clb  |9 588289 
700 1 |a Majera, Svetoslav,  |d 1954-  |4 clb  |9 250724 
700 1 |a Babiak, Ján,  |d 1946-  |4 clb  |9 107899 
700 1 |a Valentík, Vladimír,  |d 1959-  |4 clb  |9 214568 
958 |a ZS 
958 |a NM 
958 |a YU 
999 |c 904841  |d 906771 
952 |t P60, <03>, [BOOK], {603}, -A-  |a SNK  |b SNK  |y PREZ  |7 0  |p 17A0458930  |o snkOSD 8842  |i snk2005/4047  |8 2  |g 0.33  |0 0  |1 0  |4 0  |d 2004-12-17  |l 0  |r 2005-01-02 00:00:00  |w 2026-02-24